| 000 | 005920000a22001810004500 | ||
|---|---|---|---|
| 003 | MACL | ||
| 005 | 20160401122024.0 | ||
| 008 | 160401b xxu||||| |||| 00| 0 eng d | ||
| 040 |
_aMACL _cMACL |
||
| 041 | _aHindi | ||
| 082 | _a398 | ||
| 100 |
_aडॉ पुष्पा भाटी _949541 |
||
| 245 | _aराजस्थान के लोक देवता एवं लोक साहित्य | ||
| 260 |
_bअप्पू पब्लिशिंग हाउस _c2005 _aजयपुर |
||
| 350 | _a250 | ||
| 650 |
_aFolklore _949542 |
||
| 942 |
_cHIN _k398 _2ddc |
||
| 999 |
_c11189 _d11189 |
||